Statystyki dla Geografia na literę K

Kliknij tutaj aby rozwiązać quiz!

Ogólne statystyki

  • Ten quiz został rozwiązany 397 razy
    (174 od ostatniego zresetowania)
  • Średni wynik to 9 z 19

Statystyki odpowiedzi

WskazówkaOdpowiedź% Poprawnych
Stolica UkrainyKijów
100%
Zwierząt narodowe AustraliiKangur
93%
Najwyższa góra w AfryceKilimandżaro
86%
Druga najwyższa góra na świecieK2
82%
Państwo nad Zatoką PerskąKuwejt/Katar
68%
Stolica AfganistanuKabul
60%
Stolica NepaluKatmandu
58%
Słynny płaski stan USAKansas
54%
Zwierzę z Nowej ZelandiiKiwi
47%
Grupa etniczna w Iraku i TurcjiKurdowie
45%
Południowoafrykańska pustyniaKalahari
34%
Język obowiązujący w Kambodżykhmerski
32%
Danie narodowe KoreiKimchi
31%
Miasto, w którym znajdziemy Petronas TowersKuala Lumpur
30%
Określą rodzaje produktów, dozwolonych do spożywania w prawie żydowskimKoszerność
28%
Współczesna nazwa dla KalkutyKolkata
27%
Tytuł cesarza niemieckiego podczas I wojny światowejKaiser
20%
Indonezyjski wulkan, który spektakularnie wybuchł w 1883 rokuKrakatau
18%
Miasto na Florydzie, w którym mieszkał HemingwayKey West
8%

Rozkład punktacji

Percentyl według liczby udzielonych odpowiedzi

Procent ludzi z każdym wynikiem

Twoja historia wyników

Nie rozwiązałeś tego quizu od ostatniego zresetowania